000 00983nas a2200325 4500
001 BR0807939
003 BR-BrBNA
005 20231205112753.0
007 ta
008 230509b bl.|||p| |||| 00| 00por d
040 _aBR-BrBNA
_bpor
_cBiblioteca Nacional de Agricultura
041 _a(Pt)
072 _aL73
100 1 _aAmorim, R.M.
100 1 _aKuchembuck, M.R.G.
100 1 _aGonçalves, R.C.
100 1 _aLaufer, R.
100 1 _aSequeira, J.L.
100 1 _aPai, V.D.
100 1 _aLopes, R.S.
245 1 _aDoença do neurônio motor dos eqüinos: relato dos primeiros casos na América do Sul
650 _aCAVALO
650 _aDOENÇA ANIMAL
650 _aNEURÔNIO
650 _aDISTRIBUIÇÃO GEOGRÁFICA
650 _aAMÉRICA DO SUL
773 0 _tBrazilian Journal of Veterinary Research and Animal Science (Brazil)
_xISSN 1413-9596
_g(1996), v. 33(1) p. 47-52
_wBR0807939
909 _a202311
_bLúcia
_c55
_dLúcia Elande
942 _2AGRIS
_n0
_cANA
999 _c199887
_d199887